Miasta w województwie lubuskim - Statystyki

Ogólne statystyki
  • Ten quiz został rozwiązany 50 razy
  • Średni wynik to 5 z 7
Statystyki odpowiedzi
Miasto Liczba ludności % Poprawnych
Gorzów Wielkopolski 116 436
98%
Zielona Góra 139 278
98%
Żary 35 198
79%
Nowa Sól 36 327
74%
Żagań 23 730
74%
Świebodzin 21 035
69%
Kostrzyn nad Odrą 17 704
57%
Nie znaleziono quizów pasujących do podanych kryteriów
Rozkład punktacji
Procent ludzi z każdym wynikiem
Percentyl według liczby udzielonych odpowiedzi
Twoja historia wyników
Nie rozwiązałeś tego quizu